[Event "Lichtenberger Sommer 2024"]
[Site "Berlin"]
[Date "2024.08.12"]
[Round "3.47"]
[White "Pöltelt, Helmut"]
[Black "Muskewitz, Bernd"]
[Result "0-1"]
[WhiteElo "1764"]
[BlackElo "1927"]
[PlyCount "124"]
[EventDate "2024.08.10"]
[WhiteTeam "SC Eintracht Berlin e.V."]
[BlackTeam "SF Nordost Berlin"]

1. e4 c5 2. c4 Nc6 3. Nc3 g6 4. g3 Bg7 5. Bg2 d6 6. Nge2 Nf6 7. d3 O-O 8. O-O
Bg4 9. h3 Bd7 10. Be3 Qc8 11. Kh2 Ne8 12. Rb1 a6 13. a3 Nc7 14. Qd2 b5 15. cxb5
axb5 16. Bh6 b4 17. Bxg7 Kxg7 18. axb4 Nxb4 19. h4 e5 20. f4 Qa6 21. fxe5 dxe5
22. h5 Qxd3 23. h6+ Kg8 24. Qg5 Ne6 25. Qf6 Qe3 26. Qxe5 Qxh6+ 27. Kg1 Qe3+ 28.
Kh2 Rad8 29. Rbd1 Nd3 30. Qf6 Nb4 31. Rf3 Qh6+ 32. Kg1 Qg5 33. e5 Bc6 34. Rxd8
Rxd8 35. Qxf7+ Kh8 36. Qxe6 Bxf3 37. Bxf3 Qe3+ 38. Kg2 Rf8 39. Ng1 Nd3 40. Qe7
Qf2+ 41. Kh3 Rxf3 42. Nxf3 Qxf3 43. Qf6+ Qxf6 44. exf6 Nxb2 45. Kg4 h6 46. Kf4
Kg8 47. Ke5 Kf7 48. Ne4 c4 49. Nd6+ Kf8 50. f7 Ke7 51. Kd4 h5 52. Kc3 Nd1+ 53.
Kxc4 Ne3+ 54. Kd4 Nf1 55. Ke4 Nxg3+ 56. Kf4 h4 57. Kg4 g5 58. Kxg5 h3 59. Kg6
Kf8 60. Kf6 h2 61. Ne8 h1=Q 62. Ng7 Qa1+ 0-1

[Event "Lichtenberger Sommer 2024"]
[Site "Berlin"]
[Date "2024.08.12"]
[Round "3.48"]
[White "Grillich, Alexander"]
[Black "Oldenburg, Theo"]
[Result "1-0"]
[WhiteElo "1915"]
[BlackElo "1762"]
[PlyCount "31"]
[EventDate "2024.08.10"]
[WhiteTeam "SC Rochade e.V."]
[BlackTeam "SV Berolina Mitte e.V."]

1. e4 c5 2. Nc3 Nc6 3. g3 g6 4. Bg2 Bg7 5. d3 e5 6. Nge2 Nge7 7. O-O O-O 8. Be3
d6 9. Qd2 Nd4 10. Nd1 f5 11. Nxd4 exd4 12. Bg5 Be6 13. exf5 gxf5 14. Bxb7 Rb8
15. Bg2 Rxb2 16. Nxb2 1-0

[Event "Lichtenberger Sommer 2024"]
[Site "Berlin"]
[Date "2024.08.12"]
[Round "3.49"]
[White "Mannaberg, Steffen"]
[Black "Guder, Sibylle"]
[Result "0-1"]
[WhiteElo "1756"]
[BlackElo "1915"]
[PlyCount "54"]
[EventDate "2024.08.10"]

{[BlackTitle ""] [WhiteFideId "1271524"] [BlackFideId "16245555"]  
[WhiteNatFedId ""] [BlackNatFedId "10069012"] [WhiteAttr "M"] [BlackAttr "W"] 
[WhiteTeam "vereinslos"] [BlackTeam "SF Berlin e. V. "] [PlyCount
"0"]} 1. d3 c5 2. e4 d6 3. f4 Nc6 4. Nf3 g6 5. c3 Bg7 6. a4 a6 7. Na3 b5 8. Bd2
Rb8 9. axb5 axb5 10. Nc2 e6 11. d4 Nge7 12. dxc5 dxc5 13. Be3 Qxd1+ 14. Kxd1 c4
15. Ncd4 O-O 16. Kc2 Nxd4+ 17. Nxd4 Bb7 18. e5 Be4+ 19. Kd2 Nd5 20. Be2 b4 21.
Ra2 bxc3+ 22. bxc3 Bxg2 23. Rg1 Nxe3 24. Kxe3 Bd5 25. h4 h5 26. Bxh5 gxh5 27.
Rag2 Bxg2 0-1

[Event "Lichtenberger Sommer 2024"]
[Site "Berlin"]
[Date "2024.08.12"]
[Round "3.50"]
[White "Hauer, Andreas"]
[Black "Bunkens, Rudi"]
[Result "1-0"]
[WhiteElo "1911"]
[BlackElo "1739"]
[PlyCount "73"]
[EventDate "2024.08.10"]
[WhiteTeam "SC Turm Illingen"]
[BlackTeam "Koninklijke Gentse SK"]

1. e4 c5 2. Nf3 d6 3. d4 cxd4 4. Nxd4 Nf6 5. f3 a6 6. c4 g6 7. Nc3 Bg7 8. Be3
Nc6 9. Qd2 Bd7 10. Be2 Rc8 11. Rc1 O-O 12. O-O Ne5 13. b3 Qa5 14. Nd5 Qd8 15.
Bh6 Nxd5 16. Bxg7 Kxg7 17. cxd5 h6 18. f4 Ng4 19. h3 Nf6 20. Bf3 Rxc1 21. Rxc1
Qb8 22. Qe3 Rc8 23. Re1 Rc5 24. g4 e5 25. fxe5 dxe5 26. Nf5+ gxf5 27. Qxc5 fxg4
28. hxg4 Nxg4 29. Bxg4 Bxg4 30. d6 Qd8 31. Qxe5+ Kh7 32. Rf1 Qg8 33. Kh2 Qg6
34. Rg1 Qe6 35. Qf4 h5 36. Rxg4 hxg4 37. Qf5+ 1-0

[Event "Lichtenberger Sommer 2024"]
[Site "Berlin"]
[Date "2024.08.12"]
[Round "3.51"]
[White "Allington, John C"]
[Black "Grassi, Fabrizio"]
[Result "1-0"]
[WhiteElo "1735"]
[BlackElo "1907"]
[PlyCount "100"]
[EventDate "2024.08.10"]
[BlackTeam "SV Berlin-Friedrichstadt"]

1. d4 d5 2. c4 e6 3. Nc3 Nf6 4. Nf3 c5 5. cxd5 Nxd5 6. e4 Nxc3 7. bxc3 cxd4 8.
cxd4 Bb4+ 9. Bd2 Bxd2+ 10. Qxd2 O-O 11. Be2 Nc6 12. O-O Qd6 13. Rfd1 Rd8 14.
Rac1 b6 15. e5 Qd7 16. Bb5 Bb7 17. d5 exd5 18. e6 Qxe6 19. Bxc6 Bxc6 20. Nd4
Qe8 21. Nxc6 Rd6 22. Re1 Re6 23. Nd4 Rxe1+ 24. Rxe1 Qd7 25. h3 h6 26. Nf3 Rd8
27. Rc1 Kf8 28. Ne5 Qd6 29. Nc6 Rd7 30. Kf1 Kg8 31. Qe3 Rc7 32. Nd4 Rxc1+ 33.
Qxc1 Qh2 34. Qc8+ Kh7 35. Qf5+ Kg8 36. Qxd5 Qh1+ 37. Ke2 Qc1 38. Qa8+ Kh7 39.
Qe4+ Kg8 40. Qe8+ Kh7 41. Qxf7 Qb2+ 42. Kd3 Qb1+ 43. Ke3 Qc1+ 44. Ke4 Qe1+ 45.
Kd5 Qa5+ 46. Ke4 Qe1+ 47. Kd3 Qb1+ 48. Nc2 Qb5+ 49. Qc4 Qd7+ 50. Kc3 b5 1-0

[Event "Lichtenberger Sommer 2024"]
[Site "Berlin"]
[Date "2024.08.12"]
[Round "3.52"]
[White "Kapp, Frank"]
[Black "Hauer, Benno"]
[Result "1-0"]
[WhiteElo "1905"]
[BlackElo "1733"]
[PlyCount "113"]
[EventDate "2024.08.10"]
[WhiteTeam "TSV IFA Chemnitz"]
[BlackTeam "SVG Saarbrücken 1970 e.V."]

1. d4 d5 2. Bf4 Nf6 3. Nf3 Bf5 4. e3 e6 5. Bd3 Bxd3 6. cxd3 Bb4+ 7. Nbd2 Nbd7
8. a3 Bxd2+ 9. Qxd2 Nh5 10. Bg5 f6 11. Bh4 g5 12. Bg3 Nxg3 13. hxg3 Qe7 14. b4
a6 15. Rc1 c6 16. Qc3 e5 17. dxe5 Nxe5 18. Nxe5 Qxe5 19. Qxe5+ fxe5 20. Rh6 Ke7
21. Ke2 Kf7 22. Rch1 Kg7 23. f4 gxf4 24. gxf4 exf4 25. exf4 Raf8 26. Kf3 Rf6
27. Rxf6 Kxf6 28. g4 Kg7 29. Re1 Rf8 30. f5 Rf6 31. Kf4 h6 32. Re7+ Rf7 33. Re6
Rf6 34. Ke5 Rf7 35. Rg6+ Kh7 36. Ke6 Rc7 37. Kd6 Rf7 38. Re6 h5 39. gxh5 Rxf5
40. Re7+ Kh6 41. Rxb7 Rf6+ 42. Kc5 Kxh5 43. Rb6 Rf3 44. Rxc6 Rxd3 45. Rxa6 Kg5
46. b5 d4 47. Ra4 Kf5 48. Rxd4 Rxa3 49. b6 Rb3 50. Kc6 Rc3+ 51. Kd7 Rb3 52. Kc7
Rc3+ 53. Kb8 Ke6 54. b7 Rh3 55. Rb4 Kd6 56. Ka7 Rh7 57. Ka8 1-0

[Event "Lichtenberger Sommer 2024"]
[Site "Berlin"]
[Date "2024.08.12"]
[Round "3.53"]
[White "Sakalli, Selcuk Orkun"]
[Black "Siebert, Marco Leander"]
[Result "1-0"]
[WhiteElo "1897"]
[BlackElo "1683"]
[PlyCount "27"]
[EventDate "2024.08.10"]
[WhiteTeam "SC Zugzwang 95 e.V."]
[BlackTeam "SC Tempo Göttingen"]

1. d4 d5 2. c4 c6 3. Nf3 Nf6 4. Qc2 g6 5. Bf4 Bg7 6. Nbd2 Nbd7 7. cxd5 Nxd5 8.
Bg3 Qb6 9. Nc4 Qc7 10. e4 N5b6 11. Bh4 c5 12. Bg3 Qd8 13. Nce5 cxd4 14. Nxg6
1-0

[Event "Lichtenberger Sommer 2024"]
[Site "Berlin"]
[Date "2024.08.12"]
[Round "3.54"]
[White "Zesewitz, Uwe"]
[Black "Krüger, Ekkehard"]
[Result "0-1"]
[WhiteElo "1629"]
[BlackElo "1894"]
[PlyCount "86"]
[EventDate "2024.08.10"]
[WhiteTeam "SV SF Friedrichshagen"]
[BlackTeam "SG NARVA Berlin e.V."]

1. f4 Nf6 2. Nf3 c5 3. e3 b6 4. b3 Bb7 5. Bb2 e6 6. Be2 Be7 7. O-O Qc7 8. Qe1
d6 9. c4 Nbd7 10. d3 O-O-O 11. Nc3 h6 12. e4 e5 13. fxe5 dxe5 14. Nd5 Bxd5 15.
cxd5 Kb8 16. a3 Bd6 17. Nd2 Nf8 18. Nc4 Ng6 19. a4 Nf4 20. Ba3 Qe7 21. Bc1 Ne8
22. Ne3 g6 23. Ra2 h5 24. Qd1 f6 25. Nc4 Ng7 26. Rf3 h4 27. Bf1 Rdg8 28. Nxd6
Qxd6 29. Bxf4 exf4 30. Re2 Nh5 31. Qc2 g5 32. d4 cxd4 33. Qc6 Qe5 34. Re1 Rc8
35. Qe6 Rhe8 36. Qxe5+ fxe5 37. Bc4 a5 38. Rff1 Nf6 39. g3 hxg3 40. hxg3 Rh8
41. d6 Rc6 42. Rc1 Rxd6 43. gxf4 gxf4 0-1

[Event "Lichtenberger Sommer 2024"]
[Site "Berlin"]
[Date "2024.08.12"]
[Round "3.55"]
[White "Aisch, Julian"]
[Black "Matiashvili, Alexander Michael"]
[Result "1-0"]
[WhiteElo "1622"]
[BlackElo "1892"]
[PlyCount "55"]
[EventDate "2024.08.10"]
[WhiteTeam "SF Nordost Berlin"]
[BlackTeam "SV Königsjäger Süd-West e.V."]

1. d4 d5 2. c4 e6 3. Nf3 Nf6 4. g3 Bb4+ 5. Bd2 Be7 6. Bg2 c6 7. O-O O-O 8. Qc2
b6 9. b3 Bb7 10. Nc3 c5 11. cxd5 Nxd5 12. Nxd5 Qxd5 13. Bc3 cxd4 14. Bxd4 Nc6
15. Bb2 Rac8 16. Qd1 Qf5 17. e3 Rfd8 18. Qe2 Nb4 19. Rfd1 Ba6 20. Qe1 Nd3 21.
Qe2 Ne5 22. Qxa6 Nxf3+ 23. Bxf3 Qxf3 24. Rxd8+ Rxd8 25. Qxa7 Rd2 26. Rf1 Bc5
27. Qb8+ Bf8 28. Ba3 1-0

[Event "Lichtenberger Sommer 2024"]
[Site "Berlin"]
[Date "2024.08.12"]
[Round "3.56"]
[White "Pimenov, Danil"]
[Black "Bradschetl, Tom"]
[Result "1-0"]
[WhiteElo "1891"]
[BlackElo "1662"]
[PlyCount "69"]
[EventDate "2024.08.10"]
[WhiteTeam "SC Borussia Lichtenberg"]
[BlackTeam "SG NARVA Berlin e.V."]

1. e4 d5 2. exd5 Qxd5 3. Nc3 Qa5 4. d4 c6 5. Bc4 Bf5 6. Nf3 e6 7. O-O Bd6 8.
Qe2 Ne7 9. Ne4 Qc7 10. Nxd6+ Qxd6 11. Bg5 O-O 12. c3 Nd7 13. Bh4 Nd5 14. Bg3
Qe7 15. Nh4 Bg6 16. Nxg6 hxg6 17. Rfe1 b5 18. Bxd5 cxd5 19. Qxb5 Nb6 20. Qd3
Rac8 21. Rac1 Rc6 22. Qf3 Rfc8 23. b3 Qa3 24. Rc2 a5 25. Re3 a4 26. bxa4 Nxa4
27. h4 Rxc3 28. Bd6 Qxd6 29. Rexc3 Nxc3 30. Rxc3 Ra8 31. a3 Ra4 32. Rc8+ Kh7
33. Qxf7 Rxa3 34. Qg8+ Kh6 35. Qh8# 1-0

[Event "Lichtenberger Sommer 2024"]
[Site "Berlin"]
[Date "2024.08.12"]
[Round "3.57"]
[White "Kaushik, Siya"]
[Black "Gehrke, Karsten"]
[Result "1-0"]
[WhiteElo "1608"]
[BlackElo "1890"]
[PlyCount "74"]
[EventDate "2024.08.10"]
[WhiteTeam "vereinslos"]
[BlackTeam "SV Mattnetz Berlin e.V."]

1. e4 c5 2. Nf3 Nc6 3. d4 cxd4 4. Nxd4 Nf6 5. Nc3 e5 6. Ndb5 d6 7. Nd5 Nxd5 8.
exd5 Nb8 9. c4 Be7 10. Bd3 O-O 11. O-O f5 12. f3 Nd7 13. Be3 a6 14. Nc3 g6 15.
b4 Bf6 16. Rc1 b6 17. Qb3 Bg5 18. Bxg5 Qxg5 19. Rfe1 e4 20. fxe4 Ne5 21. Be2 f4
22. Kh1 f3 23. Bf1 Nd3 24. Qc2 fxg2+ 25. Qxg2 Qxg2+ 26. Bxg2 Nxc1 27. Rxc1 Bd7
28. c5 bxc5 29. bxc5 dxc5 30. e5 Bg4 31. e6 Bf3 32. Bxf3 Rxf3 33. d6 Rd3 34.
Ne4 Kg7 35. d7 Rb8 36. Nxc5 Rd2 37. e7 Rbb2 1-0

[Event "Lichtenberger Sommer 2024"]
[Site "Berlin"]
[Date "2024.08.12"]
[Round "3.58"]
[White "Jozsa, Lev"]
[Black "Geyler, Stefan"]
[Result "0-1"]
[WhiteElo "1505"]
[BlackElo "1886"]
[PlyCount "104"]
[EventDate "2024.08.10"]

1. e4 c5 2. Nf3 d6 3. Bb5+ Nd7 4. d4 cxd4 5. Nxd4 Ngf6 6. Nc3 g6 7. f4 a6 8.
Ba4 b5 9. Bb3 Bg7 10. Bd5 Nxd5 11. Nxd5 Bb7 12. f5 Nb6 13. Nxb6 Qxb6 14. Be3
Bxe4 15. Qd2 Qc7 16. fxg6 hxg6 17. Rd1 d5 18. h3 Qg3+ 19. Kf1 e5 20. Nb3 d4 21.
Bg1 Bh6 22. Qe2 f5 23. Bh2 Qe3 24. Qxe3 dxe3 25. Bxe5 O-O 26. Nd4 Rfe8 27. Bh2
Rad8 28. Ke2 Kf7 29. Rhg1 Bd5 30. b3 Be4 31. c3 Kf6 32. Nf3 Bxf3+ 33. gxf3 Rd2+
34. Rxd2 exd2+ 35. Kd1 Rd8 36. f4 g5 37. Rg2 gxf4 38. Rf2 Rd3 39. Bxf4 Bxf4 40.
Rxf4 Rxc3 41. Kxd2 Rxh3 42. a4 Rxb3 43. Kc2 Re3 44. axb5 axb5 45. Rb4 Re5 46.
Kd3 Kg5 47. Rb3 f4 48. Kd4 Kf5 49. Rf3 Kg4 50. Rf2 Re8 51. Kc5 Kg3 52. Rf1 Rb8
0-1

[Event "Lichtenberger Sommer 2024"]
[Site "Berlin"]
[Date "2024.08.12"]
[Round "3.59"]
[White "Eroglu, Ilgin Deniz"]
[Black "Lieder, Guenter"]
[Result "1-0"]
[WhiteElo "1472"]
[BlackElo "1878"]
[PlyCount "77"]
[EventDate "2024.08.10"]
[WhiteTeam "Sampiyon Mersin"]
[BlackTeam "SG WiHeil"]

1. e4 c5 2. Nf3 Nc6 3. Bb5 g6 4. O-O Bg7 5. c3 Qb6 6. a4 Nf6 7. Re1 O-O 8. h3
d6 9. d4 cxd4 10. cxd4 Qc7 11. Qc2 Qb6 12. Qd1 Qd8 13. Nc3 Bd7 14. Bg5 h6 15.
Bh4 a6 16. Nd5 g5 17. Nxf6+ Bxf6 18. Bg3 g4 19. hxg4 Bxg4 20. Bxc6 bxc6 21. Qd2
Bg7 22. Bf4 Kh7 23. e5 Qd7 24. Nh2 Bh5 25. exd6 exd6 26. Re3 d5 27. Rh3 Qf5 28.
Nf1 Bg4 29. Rh1 Qg6 30. Ng3 Rfe8 31. f3 Bd7 32. Nh5 Re6 33. Nxg7 Qxg7 34. Re1
Rxe1+ 35. Qxe1 Qxd4+ 36. Be3 Qd3 37. Rxh6+ Kg7 38. Qg3+ Kf8 39. Bc5+ 1-0

[Event "Lichtenberger Sommer 2024"]
[Site "Berlin"]
[Date "2024.08.12"]
[Round "3.60"]
[White "Runge, David Pascal"]
[Black "Bandsom, Olaf"]
[Result "1/2-1/2"]
[WhiteElo "1448"]
[BlackElo "1876"]
[PlyCount "134"]
[EventDate "2024.08.10"]
[WhiteTeam "SG Lasker Steglitz"]
[BlackTeam "SC Friesen Lichtenberg e.V."]

1. e4 e5 2. Nf3 Nc6 3. Bc4 d6 4. d4 exd4 5. Nxd4 Nf6 6. Nc3 Be7 7. O-O O-O 8.
h3 Ne5 9. Be2 c5 10. Nf3 Be6 11. Bf4 Nxf3+ 12. Bxf3 a6 13. a4 Ne8 14. Qe2 Bf6
15. e5 dxe5 16. Bxe5 Qe7 17. Rfe1 Bxe5 18. Qxe5 Nf6 19. Ne4 Nxe4 20. Qxe4 Rab8
21. Bg4 Rbe8 22. Bxe6 fxe6 23. Re2 Qc7 24. Qc4 Rf4 25. Re4 Rxe4 26. Qxe4 b5 27.
axb5 axb5 28. Ra6 Qd7 29. Qc6 Qe7 30. Qxb5 Rd8 31. Qe2 Rd6 32. Ra8+ Kf7 33.
Qf3+ Kg6 34. Ra4 h6 35. Qe4+ Kf7 36. Qf4+ Kg8 37. Qf3 Rd8 38. Rg4 Qd6 39. Qc3
Rd7 40. Rg3 Qd1+ 41. Kh2 Qd6 42. Qd3 Qc7 43. Qg6 Re7 44. Kg1 Qe5 45. Rd3 Rf7
46. Rd8+ Rf8 47. Rxf8+ Kxf8 48. Qd3 Qe1+ 49. Kh2 Qxf2 50. Qf3+ Qxf3 51. gxf3
Ke7 52. Kg3 Kd6 53. Kf4 Kd5 54. Ke3 g5 55. b3 Ke5 56. c3 Kd5 57. b4 cxb4 58.
cxb4 Kc4 59. f4 Kxb4 60. fxg5 hxg5 61. Ke4 Kc5 62. Ke5 Kc6 63. Kxe6 Kc7 64. Kf6
Kd7 65. Kxg5 Ke7 66. Kh6 Kf7 67. Kh7 Kf8 1/2-1/2

[Event "Lichtenberger Sommer 2024"]
[Site "Berlin"]
[Date "2024.08.12"]
[Round "3.61"]
[White "Fiß, Wolfgang"]
[Black "Sauer, Jakob"]
[Result "0-1"]
[WhiteElo "1876"]
[BlackElo "1644"]
[PlyCount "76"]
[EventDate "2024.08.10"]

1. d4 d5 2. c4 e6 3. Nc3 Nf6 4. Bg5 Be7 5. cxd5 Nxd5 6. Bxe7 Qxe7 7. e4 Nxc3 8.
bxc3 O-O 9. Nf3 b6 10. Bd3 c5 11. O-O Ba6 12. Re1 cxd4 13. Bxa6 Nxa6 14. cxd4
Rfd8 15. Qe2 Nb4 16. Rad1 Rac8 17. Rd2 Nc6 18. Qd1 Na5 19. Rc2 Qb4 20. Qc1 Rxc2
21. Qxc2 Qc4 22. Rc1 Rc8 23. Qxc4 Rxc4 24. Rxc4 Nxc4 25. Kf1 Nd6 26. e5 Ne4 27.
a3 Kf8 28. Ke2 Ke7 29. Ne1 Kd7 30. f3 Nc3+ 31. Kd3 Nd5 32. g3 Kc6 33. Nc2 Kb5
34. f4 a5 35. Ne3 Nxe3 36. Kxe3 Kc4 37. g4 b5 38. f5 b4 0-1

[Event "Lichtenberger Sommer 2024"]
[Site "Berlin"]
[Date "2024.08.12"]
[Round "3.62"]
[White "Bongardt, Livius"]
[Black "Majewski, Nico"]
[Result "1-0"]
[WhiteElo "1875"]
[BlackElo "1623"]
[PlyCount "83"]
[EventDate "2024.08.10"]

1. e4 c5 2. Nf3 d6 3. d4 cxd4 4. Nxd4 Nf6 5. Nc3 g6 6. Be3 Bg7 7. Bc4 O-O 8. f3
Nc6 9. Qd2 Bd7 10. O-O-O Rc8 11. Bb3 Na5 12. Kb1 Nxb3 13. cxb3 a6 14. g4 b5 15.
g5 Nh5 16. Nce2 a5 17. Ng3 a4 18. Nxh5 gxh5 19. b4 Be6 20. Nxb5 Qd7 21. Na3 Rb8
22. Bd4 Qb7 23. Bxg7 Kxg7 24. Qd4+ Kg8 25. b5 Bd7 26. Qxa4 Bxb5 27. Qxb5 Qxb5
28. Nxb5 Rxb5 29. Rd5 Rb4 30. Rc1 Rfb8 31. b3 R8b7 32. Kb2 R4b6 33. Rc3 Ra7 34.
a3 e6 35. Rd4 Kg7 36. Rcd3 Rd7 37. a4 f6 38. gxf6+ Kxf6 39. a5 Ra6 40. b4 Ke5
41. Kb3 Rb7 42. Ka4 1-0

[Event "Lichtenberger Sommer 2024"]
[Site "Berlin"]
[Date "2024.08.12"]
[Round "3.63"]
[White "Schulz-Vernholz, Daniel"]
[Black "Oppermann, Peter"]
[Result "0-1"]
[WhiteElo "1400"]
[BlackElo "1872"]
[PlyCount "78"]
[EventDate "2024.08.10"]
[WhiteTeam "vereinslos"]
[BlackTeam "SK Bad Harzburg"]

1. c4 e5 2. Nc3 Nf6 3. g3 Nc6 4. Bg2 g6 5. e3 Bg7 6. Nge2 O-O 7. O-O d6 8. d4
exd4 9. exd4 Re8 10. Bg5 h6 11. Bd2 Bg4 12. Be3 Qd7 13. Qd2 Kh7 14. Rfe1 Bh3
15. Nf4 Bxg2 16. Kxg2 Ne4 17. Qc2 Nb4 18. Qb3 Nc6 19. Rad1 Nxc3 20. bxc3 Na5
21. Qb5 Qxb5 22. cxb5 c6 23. bxc6 bxc6 24. Rb1 Rab8 25. Nd3 Nc4 26. Kf3 Rxe3+
27. Rxe3 Rxb1 28. Re7 Rd1 29. Nb4 c5 30. dxc5 dxc5 31. Na6 Rd3+ 32. Kg2 Rxc3
33. Nxc5 Ne5 34. Ne4 Ra3 35. Nd6 Bf8 36. Rxe5 Bxd6 37. Rd5 Bb4 38. Rd7 Kg7 39.
Rb7 a5 0-1

[Event "Lichtenberger Sommer 2024"]
[Site "Berlin"]
[Date "2024.08.12"]
[Round "3.64"]
[White "Cox, Johannes"]
[Black "Schmidt, Florian Pascal"]
[Result "0-1"]
[WhiteElo "1400"]
[BlackElo "1959"]
[PlyCount "82"]
[EventDate "2024.08.10"]
[WhiteTeam "vereinslos"]
[BlackTeam "BSV 63 Chemie Weißensee"]

1. d4 Nf6 2. c4 e6 3. Nf3 d5 4. Nc3 Be7 5. Bg5 O-O 6. e3 h6 7. Bh4 Ne4 8. Bxe7
Qxe7 9. Qc2 Nxc3 10. Qxc3 dxc4 11. Bxc4 b6 12. O-O Bb7 13. Be2 Rc8 14. Rac1 Nd7
15. Rfd1 c5 16. Qa3 Re8 17. h3 Bd5 18. b3 Rad8 19. Rd2 a5 20. Rdc2 e5 21. dxc5
Nxc5 22. Qb2 Bxf3 23. gxf3 Qh4 24. Bf1 Qh5 25. Qc3 Qxf3 26. Bg2 Qf6 27. Rd2
Rxd2 28. Qxd2 Rd8 29. Qe2 Qd6 30. Rc2 Qd1+ 31. Qxd1 Rxd1+ 32. Kh2 Kf8 33. Bf3
Rd6 34. Kg3 Ke7 35. Bg4 g6 36. f4 Rd3 37. fxe5 Rxe3+ 38. Kf4 Re4+ 39. Kf3 Rxe5
40. Kf4 Re4+ 41. Kf3 f5 0-1

[Event "Lichtenberger Sommer 2024"]
[Site "Berlin"]
[Date "2024.08.12"]
[Round "3.65"]
[White "Drave, Samuel"]
[Black "Kutschke, Jens"]
[Result "0-1"]
[WhiteElo "1757"]
[BlackElo "1965"]
[PlyCount "74"]
[EventDate "2024.08.10"]
[WhiteTeam "SV Berolina Mitte e.V."]
[BlackTeam "SF Berlin 1903 e.V."]

1. d4 Nf6 2. c4 g6 3. f3 d5 4. cxd5 Nxd5 5. e4 Nb6 6. Nc3 Bg7 7. Be3 O-O 8. Qd2
e5 9. O-O-O exd4 10. Bxd4 Bxd4 11. Qxd4 Qxd4 12. Rxd4 Nc6 13. Rd1 Be6 14. f4
Rad8 15. Rxd8 Rxd8 16. Nf3 Nd4 17. Nxd4 Rxd4 18. Be2 Na4 19. Nxa4 Rxa4 20. Bf3
Rxa2 21. Kc2 Kf8 22. Rd1 Ke7 23. e5 c6 24. Rd4 Ra5 25. Rb4 Rc5+ 26. Kd3 b5 27.
Rd4 Bc4+ 28. Kc3 Bd5+ 29. Kb4 Rc1 30. Rd3 Rc4+ 31. Kb3 Rd4+ 32. Kc3 Rxd3+ 33.
Kxd3 Bxf3 34. gxf3 c5 35. b3 Ke6 36. Ke4 a5 37. Kd3 Kf5 0-1

[Event "Lichtenberger Sommer 2024"]
[Site "Berlin"]
[Date "2024.08.12"]
[Round "3.66"]
[White "Krawatzki, Armin"]
[Black "Jeß, Arne"]
[Result "1/2-1/2"]
[WhiteElo "1754"]
[BlackElo "1918"]
[PlyCount "53"]
[EventDate "2024.08.10"]
[WhiteTeam "SVG Läufer Reinickendorf e.V."]
[BlackTeam "TSG Rot-Weiß Fredersdorf/Vogelsd"]

1. d4 Nf6 2. Nc3 d5 3. Bf4 a6 4. e3 e6 5. Bd3 c5 6. dxc5 Bxc5 7. a3 b5 8. Nf3
Nc6 9. O-O Bb7 10. Ne5 h6 11. Ne2 d4 12. exd4 Nxd4 13. Nxd4 Qxd4 14. Bg3 Qxb2
15. Qe2 O-O 16. Rfd1 Bd4 17. Rab1 Qc3 18. a4 Bd5 19. axb5 axb5 20. Rxb5 Ra1 21.
Rdb1 Rxb1+ 22. Rxb1 Ra8 23. h3 Ra1 24. Rxa1 Qxa1+ 25. Kh2 Qa8 26. Nf3 Bxf3 27.
gxf3 1/2-1/2

[Event "Lichtenberger Sommer 2024"]
[Site "Berlin"]
[Date "2024.08.12"]
[Round "3.67"]
[White "Maxin, Falko"]
[Black "Schulz, Jannis"]
[Result "0-1"]
[WhiteElo "1755"]
[BlackElo "1897"]
[PlyCount "72"]
[EventDate "2024.08.10"]
[WhiteTeam "TSG Oberschöneweide e.V."]
[BlackTeam "Barnimer SF im SV Sta"]

1. d4 d5 2. Nc3 Nf6 3. Bf4 c5 4. e4 cxd4 5. Qxd4 Nc6 6. Bb5 Bd7 7. Bxc6 Bxc6 8.
exd5 Nxd5 9. O-O-O Nxc3 10. Qxc3 Qb6 11. Nf3 e6 12. Ne5 Bd5 13. Rhe1 Bb4 14.
Qg3 Bxe1 15. Qxg7 O-O-O 16. Nxf7 Rhg8 17. Qe5 Bb4 18. Nxd8 Rxd8 19. Qb8+ Kd7
20. Qe5 Be7 21. c4 Qc5 22. b3 b5 23. Be3 Qa3+ 24. Kb1 bxc4 25. bxc4 Qb4+ 26.
Ka1 Qxc4 27. Qb2 a5 28. Rc1 Qb4 29. Qe5 Qb7 30. Bf4 Rc8 31. Rb1 Qa6 32. Qd4 Rc2
33. Qa4+ Qc6 34. Rb7+ Ke8 35. Rxe7+ Kxe7 36. Bg5+ Kd7 0-1

[Event "Lichtenberger Sommer 2024"]
[Site "Berlin"]
[Date "2024.08.12"]
[Round "3.68"]
[White "Kandeler, Christian"]
[Black "Schmidt, Alexander Nadvid"]
[Result "0-1"]
[WhiteElo "1869"]
[BlackElo "1683"]
[PlyCount "52"]
[EventDate "2024.08.10"]
[WhiteTeam "TSG Oberschöneweide e.V."]
[BlackTeam "SK Zehlendorf e.V."]

1. e4 e5 2. Nf3 Nc6 3. d4 exd4 4. Nxd4 Bc5 5. Nb3 Bb6 6. Nc3 d6 7. Qe2 Be6 8.
Be3 Nf6 9. O-O-O Bxb3 10. cxb3 Bxe3+ 11. Qxe3 Qe7 12. f3 a6 13. h4 O-O-O 14.
Bc4 Ne5 15. Qa7 Nc6 16. Qa8+ Nb8 17. Nd5 Nxd5 18. Bxd5 c6 19. Bc4 Qc7 20. Kb1
Qb6 21. Rc1 Kc7 22. e5 Nd7 23. exd6+ Kxd6 24. Rhd1+ Kc7 25. Rxd7+ Kxd7 26. Rd1+
Kc7 0-1

[Event "Lichtenberger Sommer 2024"]
[Site "Berlin"]
[Date "2024.08.12"]
[Round "3.69"]
[White "Kapr, Klaus"]
[Black "Reißmann, Edmund"]
[Result "1-0"]
[WhiteElo "1862"]
[BlackElo "1720"]
[PlyCount "51"]
[EventDate "2024.08.10"]
[WhiteTeam "SC Friesen Lichtenberg e.V."]
[BlackTeam "SV Erzgebirge Stollber"]

1. e4 c5 2. Nf3 e6 3. d4 cxd4 4. Nxd4 a6 5. c4 Qc7 6. Nc3 Bc5 7. Be3 Nf6 8. Be2
O-O 9. O-O b6 10. f4 d6 11. Bf3 e5 12. fxe5 dxe5 13. Nc2 Bxe3+ 14. Nxe3 Bb7 15.
Qe2 Nbd7 16. Kh1 Rad8 17. Ncd5 Nxd5 18. cxd5 Nc5 19. b4 Na4 20. Rac1 Qe7 21. a3
b5 22. Nf5 Qd7 23. Bg4 Qe8 24. Rc7 Ba8 25. Re7 Nc3 26. Qe1 1-0

[Event "Lichtenberger Sommer 2024"]
[Site "Berlin"]
[Date "2024.08.12"]
[Round "3.70"]
[White "Potgieter, Edward"]
[Black "Stark, Steven"]
[Result "1-0"]
[WhiteElo "1848"]
[BlackElo "1642"]
[PlyCount "123"]
[EventDate "2024.08.10"]
[WhiteTeam "Johannesburg Metro Chess"]
[BlackTeam "BSC Rehberge 1945 e.V."]

1. e4 a5 2. d4 b6 3. Nf3 Bb7 4. Bd3 g6 5. Bf4 Bg7 6. c3 Nc6 7. Na3 Na7 8. O-O
Nf6 9. Re1 O-O 10. Qd2 c6 11. Rad1 b5 12. Nc2 Nc8 13. Bh6 Qc7 14. Bxg7 Kxg7 15.
Ne3 Kh8 16. e5 Ng8 17. Ng4 c5 18. Nh4 c4 19. Bc2 Bd5 20. Nh6 Ra6 21. Nxg8 Rxg8
22. Qh6 Qc6 23. Re3 Rg7 24. Qg5 f5 25. Rg3 Be4 26. d5 Bxd5 27. Nxf5 Be4 28.
Bxe4 Qxe4 29. Nxg7 Kxg7 30. Qe3 Qxe3 31. Rxe3 Ra7 32. Rd5 b4 33. Rb5 Kf7 34. f4
Ke6 35. Rb8 Rc7 36. cxb4 axb4 37. Rxb4 Rc6 38. Ra3 d5 39. exd6 Nxd6 40. Re3+
Kf6 41. Kf2 e6 42. g4 g5 43. fxg5+ Kxg5 44. Kg3 Kf6 45. Kf4 h6 46. h4 Nf7 47.
Rc3 e5+ 48. Ke3 Nd6 49. b3 Ra6 50. bxc4 Rxa2 51. c5 Nc8 52. c6 Ne7 53. c7 Nd5+
54. Kf3 Nxc3 55. c8=Q e4+ 56. Rxe4 Nxe4 57. Qf5+ Kg7 58. Qxe4 Ra3+ 59. Kf4 Rh3
60. Qe7+ Kg8 61. Kf5 Rg3 62. Qd8+ 1-0

[Event "Lichtenberger Sommer 2024"]
[Site "Berlin"]
[Date "2024.08.12"]
[Round "3.71"]
[White "Goldmann, Nils"]
[Black "Rennspieß, Jens"]
[Result "1/2-1/2"]
[WhiteElo "1611"]
[BlackElo "1839"]
[PlyCount "52"]
[EventDate "2024.08.10"]
[WhiteTeam "vereinslos"]
[BlackTeam "SV Berolina Mitte e.V."]

1. e4 c6 2. d4 d5 3. Nc3 dxe4 4. Nxe4 Bf5 5. Ng3 Bg6 6. Nf3 Nd7 7. Bd3 Bxd3 8.
Qxd3 e6 9. O-O Ngf6 10. Re1 Be7 11. Be3 O-O 12. a3 c5 13. Red1 Qc7 14. c4 Rad8
15. Qc2 h6 16. Ne2 Bd6 17. h3 b6 18. Rd2 a6 19. Rad1 Rc8 20. dxc5 Bxc5 21. Bxc5
Nxc5 22. Nc3 Rfd8 23. b3 Rxd2 24. Rxd2 Rd8 25. Rxd8+ Qxd8 26. Qd2 Qxd2 1/2-1/2